000 00475nam a2200169 a 4500
001 001165984
003 AM-YeHGA
005 20250617152526.0
008 160722s1946 ||| r 000 0 rus d
040 _aAM-YeHGA
041 0 _arus
245 1 0 _aЧайка :
_bСтихи /
_cЛ. Вышеславский.
260 _aКиев :
_bРадянский письменник,
_c1946.
300 _a69 с.
653 0 _aРусская литература
090 _c374321
999 _c372441
_d372441